000
00293nam a2200121Ia 4500
008
190216s9999||||xx |||||||||||||| ||und||
100
_a
Vijayalaksmi Pub
245
0
_a
Constitution Of India
260
_b
Vijayalakshmi Pub
_c
1992
300
_a
284p
650
_a
Political Science
942
_c
BK
999
_c
34871
_d
34871